000 00431cam a2200181 4500
001 D13023
008 090401t1898 xxu||||| |||| 00| 0 eng d
035 _a(Sirsi) u7300
041 _aeng
100 _aHudson, Alfred A
245 4 _aThe law of light and air
260 _aLondon
_bFrank P Wilson/Sweet & Maxwell
_c1898
350 _a0
520 _aShelf 117
700 _aInman, Arnold
942 _n0
948 _c04/03/1997
999 _c86404
_d86404